The Unknown King/ (Record no. 204380)
[ view plain ]
| 000 -LEADER | |
|---|---|
| fixed length control field | 00596nam a22001817a 4500 |
| 005 - DATE AND TIME OF LATEST TRANSACTION | |
| control field | 20240724144401.0 |
| 008 - FIXED-LENGTH DATA ELEMENTS--GENERAL INFORMATION | |
| fixed length control field | 090826t xxu||||| |||| 00| 0 eng d |
| 010 ## - LCCN (DPL NO) | |
| LC control number | ENG-140949 |
| 020 ## - INTERNATIONAL STANDARD BOOK NUMBER | |
| International Standard Book Number | 8190312553 |
| Terms of availability | 340.00 |
| 035 ## - SYSTEM CONTROL NUMBER | |
| System control number | EN-124481 |
| 037 ## - SOURCE OF ACQUISITION | |
| Source of stock number/acquisition | DBAD/PUB |
| 100 ## - MAIN ENTRY--PERSONAL NAME | |
| Personal name | Naqvi , Mushtaq |
| 9 (RLIN) | 63720 |
| 245 ## - TITLE STATEMENT | |
| Title | The Unknown King/ |
| Statement of responsibility, etc | By Esther Ebireri |
| 260 ## - PUBLICATION, DISTRIBUTION, ETC. (IMPRINT) | |
| Name of publisher, distributor, etc | Exceller Books |
| Place of publication, distribution, etc | Belgharia |
| Date of publication, distribution, etc | 2012 |
| 270 ## - ADDRESS | |
| Address | G1, Dream Apartment , Degree College Road |
| City | Kolkata |
| Postal code | 700056 |
| 300 ## - PHYSICAL DESCRIPTION | |
| Extent | 266pg; |
| Dimensions | 22cm(pbk) |
| 942 ## - ADDED ENTRY ELEMENTS (KOHA) | |
| Source of classification or shelving scheme | Dewey Decimal Classification |
| Item type | English Books |
| Classification part | N |
| Call number suffix | EBI |
No items available.
